000 00608nam a2200181Ia 4500
008 090630s9999 xx 000 0 und d
082 _b9606
100 _aवाळिंबे शरच्चंद्र.
245 _aअलबेला.
_cवाळिंबे शरच्चंद्र.
260 _bआशिष.
_c1989
300 _a198
600 _aवाळिंबे शरच्चंद्र.
630 _aअलबेला.
655 _aकादंबरी.
700 _aवाळिंबे शरच्चंद्र.
730 _aअलबेला.
942 _cBOOK
999 _c261462
_d261462